Concise Dental Anatomy and Morphology / (Record no. 36997)

MARC details
000 -LEADER
fixed length control field 00559nam a22001817a 4500
005 - DATE AND TIME OF LATEST TRANSACTION
control field 20250730152707.0
008 - FIXED-LENGTH DATA ELEMENTS--GENERAL INFORMATION
fixed length control field 250730b |||||||| |||| 00| 0 eng d
082 ## - DEWEY DECIMAL CLASSIFICATION NUMBER
Classification number 612.311
Item number FUL-C
100 ## - MAIN ENTRY--AUTHOR
Author Name Fuller, James L.
245 ## - TITLE STATEMENT
Title Concise Dental Anatomy and Morphology /
Statement of responsibility, etc. by James L. Fuller, Gerald E. Denehy, and Thomas M. Schulein
250 ## - EDITION STATEMENT
Edition statement 6th ed.
260 ## - PUBLICATION, DISTRIBUTION, ETC.
Place of Publication India :
Name of publisher, distributor, etc. Arya Publications ;
Date of publication, distribution, etc. c2025.
300 ## - PHYSICAL DESCRIPTION
Pages 217 p. :
500 ## - GENERAL NOTE
General note Include Index.
650 ## - SUBJECT ADDED ENTRY--TOPICAL TERM
Subject / Department Medical / Dentistry
700 ## - ADDED ENTRY--PERSONAL NAME
Personal name Gerald E. Denehy
300 ## - PHYSICAL DESCRIPTION
-- ill ;
-- 25 cm.
952 ## - LOCATION AND ITEM INFORMATION (KOHA)
-- 0
-- 0
-- 1250.00
952 ## - LOCATION AND ITEM INFORMATION (KOHA)
-- 0
-- 0
-- 1250.00
952 ## - LOCATION AND ITEM INFORMATION (KOHA)
-- 0
-- 0
-- 1250.00
952 ## - LOCATION AND ITEM INFORMATION (KOHA)
-- 0
-- 0
-- 1250.00
952 ## - LOCATION AND ITEM INFORMATION (KOHA)
-- 0
-- 0
-- 1250.00
Holdings
Lost status Damaged status Permanent Location Current Location Shelving Location Date acquired Source of acquisition Full Call Number Accession No./Barcode Date last seen Copy number item type Koha item type
    Superior Information Resource Center (SIRC) Superior University- Main Campus Superior Information Resource Center (SIRC) Superior University- Main Campus BDS-Dentistry 07/30/2025 Imperial book company 611.311 FUL-C 2025 20125 07/30/2025 1 BOOK BOOK
    Superior Information Resource Center (SIRC) Superior University- Main Campus Superior Information Resource Center (SIRC) Superior University- Main Campus BDS-Dentistry 07/30/2025 Imperial book company 611.311 FUL-C 2025 20126 11/04/2025 2 BOOK BOOK
    Superior Information Resource Center (SIRC) Superior University- Main Campus Superior Information Resource Center (SIRC) Superior University- Main Campus BDS-Dentistry 07/30/2025 Imperial book company 611.311 FUL-C 2025 20127 07/30/2025 3 BOOK BOOK
    Superior Information Resource Center (SIRC) Superior University- Main Campus Superior Information Resource Center (SIRC) Superior University- Main Campus BDS-Dentistry 07/30/2025 Imperial book company 611.311 FUL-C 2025 20128 07/30/2025 4 BOOK BOOK
    Superior Information Resource Center (SIRC) Superior University- Main Campus Superior Information Resource Center (SIRC) Superior University- Main Campus BDS-Dentistry 07/30/2025 Imperial book company 611.311 FUL-C 2025 20129 07/30/2025 5 BOOK BOOK

Powered by Koha